[Event "Vancouver Open"]
[Site "Chess.com"]
[Date "2020.07.25"]
[Round "?"]
[White "Wong-Godfrey, Emerson"]
[Black "Vijayakumar, Advaith"]
[Result "0-1"]
[WhiteElo "1114"]
[BlackElo "2026"]
[PlyCount "126"]
[EventDate "2020.??.??"]

1. e4 c5 2. Nf3 Nc6 3. c3 Nf6 4. Qc2 g6 5. Bb5 Bg7 6. O-O O-O 7. d4 cxd4 8.
cxd4 Qb6 9. Bxc6 bxc6 10. Be3 d5 11. exd5 cxd5 12. Nc3 Bf5 13. Qd2 Rab8 14. Na4
Qb5 15. b3 Ne4 16. Qc1 Rfc8 17. Qa3 e5 18. Rac1 Bf8 19. Rxc8 Bxc8 20. Qc1 Ba6
21. Rd1 Qe2 22. Qa1 exd4 23. Nxd4 Qh5 24. f3 Bd6 25. f4 Qh4 26. Nc6 Bxf4 27.
Bxf4 Qxf4 28. Qd4 Re8 29. Nc5 Be2 30. Re1 Qg5 31. Nxe4 Rxe4 32. Qf2 Bf3 33.
Rxe4 Bxe4 34. Nxa7 d4 35. Qe2 Qf4 36. g3 Qc1+ 37. Kf2 Qh1 38. Nb5 Qxh2+ 39. Ke1
Qxg3+ 40. Kd2 Qf4+ 41. Ke1 d3 42. Qd2 Qh4+ 43. Kf1 Qh1+ 44. Kf2 Qg2+ 45. Ke3
Qf3+ 46. Kd4 Qe2 47. Kc3 Qh5 48. Kb4 Qe5 49. a4 f5 50. a5 f4 51. Ka4 f3 52. Qe3
Qe8 53. a6 Bc6 54. Qxd3 Bxb5+ 55. Qxb5 Qxb5+ 56. Kxb5 f2 57. a7 f1=Q+ 58. Kb6
Qf6+ 59. Kb7 Qf7+ 60. Ka6 Qe6+ 61. Kb7 Qxb3+ 62. Ka8 Qa3 63. Kb8 g5 0-1

[Event "Vancouver Open"]
[Site "Chess.com"]
[Date "2020.07.26"]
[Round "?"]
[White "Wong-Godfrey, Emerson"]
[Black "Ingram, Richard"]
[Result "0-1"]
[WhiteElo "1114"]
[BlackElo "1880"]
[PlyCount "58"]
[EventDate "2020.??.??"]

1. e4 c5 2. Nf3 d6 3. Bb5+ Bd7 4. Bxd7+ Nxd7 5. d4 cxd4 6. Nxd4 Ngf6 7. Nc3 g6
8. Be3 Bg7 9. Qd2 Ne5 10. Bh6 O-O 11. Bxg7 Kxg7 12. O-O-O Rc8 13. Kb1 a6 14. h4
h5 15. Qg5 Kh7 16. f4 Neg4 17. Rdf1 Rxc3 18. f5 Qb6 19. Nb3 Rc7 20. Rf4 Rfc8
21. c3 a5 22. Kc2 a4 23. Nd2 a3 24. Rb1 axb2 25. Rf3 Qd4 26. fxg6+ fxg6 27. Qa5
Rc5 28. Qa3 Ne3+ 29. Kxb2 Qxd2+ 0-1

[Event "Vancouver Open"]
[Site "Chess.com"]
[Date "2020.07.25"]
[Round "?"]
[White "Wu, William"]
[Black "Ramkumar, Aditya"]
[Result "1-0"]
[WhiteElo "1854"]
[BlackElo "1452"]
[PlyCount "89"]
[EventDate "2020.??.??"]

1. e4 c5 2. c3 e6 3. d4 cxd4 4. cxd4 d5 5. e5 Nc6 6. Nf3 Nge7 7. a3 Bd7 8. b4
a6 9. Bb2 Ng6 10. Qd2 Be7 11. Bd3 O-O 12. h4 Re8 13. h5 Nf8 14. Kf1 f6 15. g4
fxe5 16. dxe5 b5 17. g5 a5 18. Qf4 axb4 19. g6 h6 20. Qf7+ Kh8 21. Bc1 Bg5 22.
Bxg5 Nxe5 23. Bxd8 Nxf7 24. Bb6 Nd6 25. Bc5 Nc4 26. Bxb4 e5 27. Bxc4 bxc4 28.
Bxf8 Rxf8 29. Nxe5 Be6 30. Nd2 c3 31. Ndf3 Rac8 32. Ke2 Rfe8 33. Kd3 Bf5+ 34.
Kd4 Rc7 35. Nf7+ Kg8 36. N3e5 c2 37. Nd6 Rf8 38. Kxd5 Rd8 39. Nef7 Rdd7 40.
Rhe1 Rc8 41. Ne5 Rdd8 42. Nc6 Rd7 43. Ne7+ Rxe7 44. Rxe7 Kf8 45. Nxc8 1-0

[Event "Vancouver Open"]
[Site "Chess.com"]
[Date "2020.07.26"]
[Round "?"]
[White "Wu, William"]
[Black "Singh, Hersh"]
[Result "1/2-1/2"]
[WhiteElo "1854"]
[BlackElo "2129"]
[PlyCount "194"]
[EventDate "2020.??.??"]

1. e4 e5 2. Nf3 Nc6 3. Bc4 Nf6 4. d3 Be7 5. c3 O-O 6. O-O d6 7. Nbd2 Na5 8. Bb5
a6 9. Ba4 b5 10. Bc2 c5 11. Re1 Nc6 12. Nf1 Re8 13. Ng3 Bf8 14. h3 h6 15. Be3
d5 16. exd5 Nxd5 17. d4 exd4 18. cxd4 c4 19. a3 g6 20. Qd2 Kh7 21. Rad1 b4 22.
Ba4 Bd7 23. Bxc6 Bxc6 24. Ne5 c3 25. bxc3 bxc3 26. Qc1 Ba4 27. Rd3 Bb5 28. Rdd1
Ra7 29. Ng4 Qa5 30. Bxh6 Rxe1+ 31. Rxe1 Bxa3 32. Qg5 c2 33. Nf6+ Nxf6 34. Qxf6
Qxe1+ 35. Kh2 Qg1+ 36. Kxg1 c1=Q+ 37. Bxc1 Bxc1 38. Qb6 Rd7 39. Ne4 Re7 40.
Nf6+ Kg7 41. d5 Bf4 42. g3 Bc7 43. Qc5 Kxf6 44. d6 Re1+ 45. Kh2 Ba5 46. Qd4+
Ke6 47. d7 Bc6 48. g4 Bc7+ 49. f4 Re2+ 50. Kg1 Rg2+ 51. Kf1 Ke7 52. d8=B+ Bxd8
53. Qe5+ Kd7 54. Qd4+ Kc7 55. Qa7+ Bb7 56. Qc5+ Kb8 57. Qd6+ Bc7 58. Qf8+ Ka7
59. Qxf7 Bb6 60. Qxg6 Rf2+ 61. Ke1 Rxf4 62. g5 Re4+ 63. Kd2 Rd4+ 64. Kc3 Rh4
65. Qf5 Ra4 66. g6 Ra3+ 67. Kb2 Rg3 68. Qf7 Rxh3 69. g7 Bd4+ 70. Kc2 Rc3+ 71.
Kd2 Bxg7 72. Qxg7 Rc6 73. Qd4+ Rb6 74. Kc3 a5 75. Qxb6+ Kxb6 76. Kb2 Kc5 77.
Ka1 Kb4 78. Kb1 Be4+ 79. Ka1 Kc3 80. Ka2 Kc2 81. Ka1 Kc1 82. Ka2 Bf5 83. Ka1
Bc2 84. Ka2 a4 85. Ka1 Kd2 86. Ka2 Kc3 87. Ka1 a3 88. Ka2 Kb4 89. Ka1 Bb3 90.
Kb1 Kc3 91. Ka1 Bd5 92. Kb1 a2+ 93. Ka1 Kb4 94. Kb2 Kc5 95. Ka1 Kc4 96. Kb2 Kd3
97. Ka1 Kc2 1/2-1/2

[Event "Vancouver Open"]
[Site "Chess.com"]
[Date "2020.07.26"]
[Round "?"]
[White "Yadav, Arjun"]
[Black "Hack, Don"]
[Result "1-0"]
[WhiteElo "553"]
[BlackElo "1204"]
[PlyCount "111"]
[EventDate "2020.??.??"]

1. d4 d5 2. Nf3 c6 3. Bf4 Nf6 4. e3 Bg4 5. Be2 e6 6. O-O Be7 7. h3 Bh5 8. Nbd2
Nbd7 9. c3 c5 10. Rc1 cxd4 11. cxd4 Rc8 12. Qb3 Nb6 13. Bb5+ Nfd7 14. Ne5 O-O
15. Rxc8 Qxc8 16. Nd3 a6 17. Rc1 Qa8 18. Bxd7 Nxd7 19. e4 Rc8 20. exd5 Bg6 21.
Rxc8+ Qxc8 22. dxe6 Nf6 23. Ne5 fxe6 24. Nxg6 hxg6 25. Nf3 Nd5 26. Be3 b5 27.
Ne5 Qe8 28. a3 a5 29. Bd2 b4 30. axb4 Bxb4 31. Bxb4 axb4 32. Qf3 g5 33. Qg4 Qe7
34. Nf3 Nf4 35. Nxg5 Qf6 36. h4 Qxd4 37. g3 Qxb2 38. Qxf4 Qb1+ 39. Kg2 Qf5 40.
Qxb4 Qd5+ 41. Qe4 Qxe4+ 42. Nxe4 Kf7 43. Kf3 e5 44. Kg4 Kg6 45. f4 exf4 46.
gxf4 Kh6 47. Nd6 Kg6 48. Nf5 Kf6 49. Nxg7 Kxg7 50. Kg5 Kh7 51. Kf6 Kg8 52. Kg6
Kf8 53. Kf6 Kg8 54. Ke7 Kg7 55. f5 Kg8 56. f6 1-0

[Event "Vancouver Open"]
[Site "Chess.com"]
[Date "2020.07.25"]
[Round "?"]
[White "Yadav, Arjun"]
[Black "Karukayil, Johan"]
[Result "0-1"]
[WhiteElo "553"]
[BlackElo "1314"]
[PlyCount "58"]
[EventDate "2020.??.??"]

1. d4 d5 2. Nf3 Nf6 3. Bf4 e6 4. e3 Be7 5. Bd3 O-O 6. O-O c6 7. Nbd2 Nbd7 8. e4
dxe4 9. Nxe4 Nxe4 10. Bxe4 Nf6 11. Bd3 c5 12. Ne5 cxd4 13. Qf3 Qd5 14. Qh3 b6
15. Bg5 h6 16. Bf4 Bb7 17. f3 Rac8 18. Ng4 Bc6 19. Nxh6+ gxh6 20. Bxh6 Bd6 21.
Be4 Nxe4 22. c4 dxc3 23. Qg4+ Ng5 24. Bxg5 f5 25. Qh5 Qd4+ 26. Kh1 Qg7 27. Bh6
Qh7 28. Qg5+ Kh8 29. Bxf8 Qxh2# 0-1

[Event "Vancouver Open"]
[Site "Chess.com"]
[Date "2020.07.26"]
[Round "?"]
[White "Yang, Jingran"]
[Black "Beck, Alec"]
[Result "0-1"]
[WhiteElo "1198"]
[BlackElo "1942"]
[PlyCount "126"]
[EventDate "2020.??.??"]

1. e4 c5 2. Nf3 e6 3. d4 cxd4 4. Nxd4 Nf6 5. Nc3 Nc6 6. Ndb5 Bb4 7. a3 Bxc3+ 8.
Nxc3 d5 9. exd5 exd5 10. Bd3 O-O 11. O-O Bg4 12. f3 Bh5 13. Kh1 d4 14. Ne2 Bg6
15. Bb5 Qb6 16. Bxc6 bxc6 17. Nxd4 Rad8 18. Be3 c5 19. c3 cxd4 20. Bxd4 Qxb2
21. Rf2 Qb5 22. Qe2 Qxe2 23. Rxe2 Nd5 24. Rae1 Rc8 25. Rc1 a6 26. Re5 Nf4 27.
Rd1 f6 28. Ree1 Rc4 29. Kg1 Rfc8 30. Kf1 Kf7 31. g3 Ne6 32. Bf2 Rd8 33. Rc1 Rd3
34. Re3 Nc5 35. Ke2 Nb3 36. Rd1 Rcxc3 37. Rexd3 Rxd3 38. Rxd3 Nc1+ 39. Kd2 Nxd3
40. Be3 Ke6 41. f4 Kd5 42. g4 Nb2 43. Ke2 Nc4 44. f5 Be8 45. Bc1 Kd4 46. g5 Bd7
47. gxf6 gxf6 48. h4 Bxf5 49. Kf3 Ke5 50. Bf4+ Ke6 51. Bc1 Ne5+ 52. Kg3 Bg6 53.
Be3 Nc4 54. Bc5 Kf5 55. Bb4 Ke4 56. Kg4 h5+ 57. Kg3 f5 58. Bc5 f4+ 59. Kf2 f3
60. Kg3 Ne5 61. Bd6 Nd3 62. Bc7 f2 63. Kg2 Bf5 0-1

[Event "Vancouver Open"]
[Site "Chess.com"]
[Date "2020.07.25"]
[Round "?"]
[White "Yang, Jingran"]
[Black "Moore, Michael"]
[Result "1-0"]
[WhiteElo "1198"]
[BlackElo "1950"]
[PlyCount "65"]
[EventDate "2020.??.??"]

1. e4 c5 2. Nf3 d6 3. Bb5+ Nd7 4. d4 cxd4 5. Qxd4 a6 6. Bxd7+ Bxd7 7. O-O e5 8.
Qd3 Be7 9. c4 b5 10. Nc3 bxc4 11. Qxc4 Nf6 12. Bg5 O-O 13. Rfd1 Qb8 14. b3 Rc8
15. Qd3 Qb4 16. Rac1 Rxc3 17. Qxc3 Qxc3 18. Rxc3 Nxe4 19. Rc7 Nxg5 20. Rxd7
Nxf3+ 21. gxf3 Kf8 22. Rc1 Rd8 23. Rxd8+ Bxd8 24. Rc6 Ke7 25. Rxa6 d5 26. Kf1
d4 27. Ke2 f5 28. Kd3 h5 29. f4 exf4 30. Kxd4 Kf7 31. Ke5 g6 32. Kxf4 Bc7+ 33.
Kg5 1-0

[Event "Vancouver Open"]
[Site "Chess.com"]
[Date "2020.07.26"]
[Round "?"]
[White "Yang, Maxwell"]
[Black "Ramkumar, Aditya"]
[Result "1/2-1/2"]
[WhiteElo "1682"]
[BlackElo "1452"]
[PlyCount "107"]
[EventDate "2020.??.??"]

1. e4 c5 2. Nf3 d6 3. d4 cxd4 4. Nxd4 Nf6 5. Nc3 a6 6. Bc4 e6 7. Bb3 Be7 8. Bg5
O-O 9. O-O Bd7 10. Qf3 Nc6 11. Rad1 h6 12. Bh4 Nxd4 13. Rxd4 e5 14. Rd3 Bc6 15.
Bxf6 Bxf6 16. Rfd1 Be7 17. Bd5 Qc7 18. Qh5 Rad8 19. Rg3 Bg5 20. Rdd3 Bxd5 21.
Rxg5 hxg5 22. Nxd5 Qd7 23. Nf6+ gxf6 24. Rh3 Qxh3 25. Qxh3 Kg7 26. Qf3 Rd7 27.
h4 Rfd8 28. hxg5 fxg5 29. c4 f6 30. Qd3 Rc7 31. Qd5 Rc6 32. b4 Rdc8 33. c5 dxc5
34. bxc5 R8c7 35. Kh2 Rxc5 36. Qd6 R5c6 37. Qb4 Rc4 38. Qb6 Rf7 39. Qe3 Rd4 40.
f3 Kg6 41. Qb3 b5 42. Kg3 Rc4 43. Qd3 Rd4 44. Qc3 Rc4 45. Qd2 Rd4 46. Qc1 Rc4
47. Qh1 Rh7 48. Qd1 Rd4 49. Qc1 Rc4 50. Qd1 Rd4 51. Qb3 Rc4 52. Qd3 Rd4 53. Qc2
Rc4 54. Qd1 1/2-1/2

[Event "Vancouver Open"]
[Site "Chess.com"]
[Date "2020.07.26"]
[Round "?"]
[White "Zhang, Michael"]
[Black "Miller, Jack"]
[Result "0-1"]
[WhiteElo "977"]
[BlackElo "1186"]
[PlyCount "82"]
[EventDate "2020.??.??"]

1. e4 c5 2. Nf3 Nc6 3. Nc3 g6 4. Bc4 Bg7 5. Ng5 e6 6. Nf3 Nf6 7. d3 O-O 8. Bg5
Qb6 9. Rb1 Na5 10. e5 Ng4 11. Qe2 Nc6 12. h3 Ngxe5 13. Nxe5 Nxe5 14. h4 Nxc4
15. Na4 Qb4+ 16. c3 Qxa4 17. b3 Qc6 18. h5 Qxg2 19. Rf1 Qxg5 20. bxc4 Bxc3+ 21.
Kd1 Qxh5 22. Qxh5 gxh5 23. Rg1+ Kh8 24. Rh1 b6 25. Rxh5 Bb7 26. Kc2 Bd4 27. f4
Rg8 28. Rf1 Rg2+ 29. Kd1 Rg1 30. Rxg1 Bxg1 31. f5 Bf3+ 32. Ke1 Bxh5 33. Kf1 Rg8
34. Ke1 Be2 35. Kd2 h5 36. Kxe2 h4 37. Kf1 h3 38. Ke2 h2 39. Kd1 h1=Q 40. Kd2
Rg2+ 41. Ke1 Bd4# 0-1

[Event "Vancouver Open"]
[Site "Chess.com"]
[Date "2020.07.26"]
[Round "?"]
[White "Zhang, Michelle"]
[Black "Yang, Maxwell"]
[Result "0-1"]
[WhiteElo "1267"]
[BlackElo "1682"]
[PlyCount "78"]
[EventDate "2020.??.??"]

1. e4 c5 2. Nf3 d6 3. d4 cxd4 4. Nxd4 Nf6 5. Nc3 a6 6. Bc4 e6 7. Bb3 b5 8. O-O
Be7 9. Kh1 O-O 10. f4 b4 11. Nce2 Nxe4 12. f5 Nc5 13. fxe6 fxe6 14. Be3 Nxb3
15. axb3 e5 16. Nf3 Bb7 17. Ng3 Nd7 18. Qd2 Qc7 19. Qxb4 Bxf3 20. gxf3 Qxc2 21.
Rf2 Qc6 22. Raf1 Rab8 23. Qa3 Qb7 24. Bc1 Nc5 25. b4 Qxb4 26. Qe3 Qb3 27. Qe2
Nd3 28. Rg2 Nxc1 29. Rxc1 Qxf3 30. Qxa6 Rxb2 31. Qc4+ d5 32. Qf1 Qxf1+ 33. Rxf1
Rxf1+ 34. Nxf1 Rxg2 35. Kxg2 Kf7 36. Kf3 Ke6 37. Ke3 Bg5+ 38. Kd3 Bf4 39. h3
Kf5 0-1

[Event "Vancouver Open"]
[Site "Chess.com"]
[Date "2020.07.25"]
[Round "?"]
[White "Zhang, Michelle"]
[Black "Ingram, Richard"]
[Result "0-1"]
[WhiteElo "1267"]
[BlackElo "1880"]
[PlyCount "78"]
[EventDate "2020.??.??"]

1. e4 c5 2. Nf3 Nc6 3. d4 cxd4 4. Nxd4 Nf6 5. Nc3 d6 6. Bc4 e6 7. Bb3 a6 8. O-O
Be7 9. Bg5 O-O 10. Kh1 Qc7 11. Qd2 b5 12. a3 Nxd4 13. Qxd4 h6 14. Bh4 Bb7 15.
Rfe1 Rfd8 16. Bxf6 Bxf6 17. Qe3 Rac8 18. Nd1 Qc5 19. Qxc5 dxc5 20. c3 Bg5 21.
f3 Rd2 22. Rc1 Rxg2 23. Kxg2 Bxc1 24. Kg3 c4 25. Bc2 Rd8 26. a4 Bc6 27. axb5
axb5 28. b3 cxb3 29. Bxb3 g5 30. Ne3 Bb2 31. c4 Be5+ 32. Kg2 Rd2+ 33. Kf1 Kg7
34. h3 Bg3 35. Rc1 Rf2+ 36. Kg1 Rxf3 37. Rc3 Bf2+ 38. Kg2 Rxe3 39. Rxe3 Bxe3
0-1